Cronistas bohemios (Record no. 189171)

MARC details
000 -LEADER
campo de control de longitud fija 01368nam a2200373 i 4500
001 - NÚMERO DE CONTROL
campo de control 189171
003 - IDENTIFICADOR DE NÚMERO DE CONTROL
campo de control SpMaBN
005 - FECHA Y HORA DE LA ÚLTIMA TRANSACCIÓN
campo de control 20250915230046.0
008 - DATOS DE LONGITUD FIJA--INFORMACIÓN GENERAL
campo de control de longitud fija 190412s2017 sp |||| |dspa d
020 ## - NÚMERO INTERNACIONAL ESTÁNDAR DEL LIBRO
Número Internacional Estándar del Libro 978-84-306-1870-5
080 ## - NÚMERO DE LA CLASIFICACIÓN DECIMAL UNIVERSAL
Número de la Clasificación Decimal Universal 070(460)"19"
080 ## - NÚMERO DE LA CLASIFICACIÓN DECIMAL UNIVERSAL
Número de la Clasificación Decimal Universal 070.42(460)"19"
100 1# - ENTRADA PRINCIPAL--NOMBRE DE PERSONA
Nombre de persona Arco, Miguel-Ángel del,
Fechas asociadas al nombre 1956-
9 (RLIN) 166822
245 10 - MENCIÓN DEL TÍTULO
Título Cronistas bohemios
Resto del título : la rebeldía de la Gente Nueva en 1900 /
Mención de responsabilidad, etc. Miguel Ángel del Arco.
250 ## - MENCION DE EDICION
Mención de edición 1ª ed.
260 ## - PUBLICACIÓN, DISTRIBUCIÓN, ETC.
Lugar de publicación, distribución, etc. [Barcelona] :
Nombre del editor, distribuidor, etc. Taurus,
Fecha de publicación, distribución, etc. 2017.
300 ## - DESCRIPCIÓN FÍSICA
Extensión 349 p. ;
Dimensiones 24 cm.
490 1# - MENCIÓN DE SERIE
Mención de serie Historia
504 ## - NOTA DE BIBLIOGRAFÍA, ETC.
Nota de bibliografía, etc. Bibliografía: p. 343-349.
594 ## - Nota al título y mención de responsabilidad
Nota al título y mención de responsabilidad Incluye textos de: Luis Bonafoux, Joaquín Dicenta, Alejandro Sawa, Pedro Barrantes y Antonio Palomero.
650 #7 - PUNTO DE ACCESO ADICIONAL DE MATERIA--TÉRMINO DE MATERIA
Término de materia o nombre geográfico como elemento de entrada Periodismo-
Subdivisión geográfica España-
Subdivisión cronológica S.XIX.
9 (RLIN) 161039
650 #7 - PUNTO DE ACCESO ADICIONAL DE MATERIA--TÉRMINO DE MATERIA
Término de materia o nombre geográfico como elemento de entrada Periodistas-
Subdivisión geográfica España-
Subdivisión cronológica S.XIX.
9 (RLIN) 149760
650 #7 - PUNTO DE ACCESO ADICIONAL DE MATERIA--TÉRMINO DE MATERIA
Término de materia o nombre geográfico como elemento de entrada Periodismo-
Subdivisión geográfica España-
Subdivisión cronológica S.XX
Fuente del encabezamiento o término
9 (RLIN) 149453
700 1# - ENTRADA AGREGADA--NOMBRE PERSONAL
Nombre de persona Bonafoux, Luis.
9 (RLIN) 30066
700 1# - ENTRADA AGREGADA--NOMBRE PERSONAL
Nombre de persona Dicenta, Joaquín,
Fechas asociadas al nombre 1863-1917
9 (RLIN) 44474
700 1# - ENTRADA AGREGADA--NOMBRE PERSONAL
Nombre de persona Sawa, Alejandro,
Fechas asociadas al nombre 1862-1909
9 (RLIN) 104088
700 1# - ENTRADA AGREGADA--NOMBRE PERSONAL
Nombre de persona Barrantes, Pedro,
Fechas asociadas al nombre 1860-1912
9 (RLIN) 156656
700 1# - ENTRADA AGREGADA--NOMBRE PERSONAL
Nombre de persona Palomero Dechado, Antonio,
Fechas asociadas al nombre 1869-1914
9 (RLIN) 88694
830 0# - PUNTO DE ACCESO ADICIONAL DE SERIE-TÍTULO UNIFORME
Título uniforme Historia
9 (RLIN) 177536
852 ## - LOCALIZACIÓN
Ubicación ES-MaACL
Número de control de estantería A-14463
itemnumber 196309
Sublocalización o colección R.152590
Ubicación en estantería Depósito 1
Signatura antigua Olim: N-7463
942 ## - ELEMENTOS DE ENTRADA SECUNDARIOS (KOHA)
Fuente del sistema de clasificación o colocación Clasificación decimal universal
Tipo de ítem Koha Libro impreso
Holdings
Estatus retirado Estado de pérdida Fuente del sistema de clasificación o colocación Estado de daño No para préstamo Biblioteca de origen Biblioteca actual Ubicación en estantería Fecha de adquisición Fuente de adquisición Total de préstamos Signatura topográfica completa Código de barras Visto por última vez Precio de reemplazo Tipo de ítem Koha
    Clasificación decimal universal     Biblioteca del Ateneo de Madrid Biblioteca del Ateneo de Madrid Depósito 1 12/04/2019 Compra   A-14463 1200355 23/02/2023 23/02/2023 Libro impreso